000 00565nam a2200229Ia 4500
003 OSt
005 20230522103236.0
008 210423s2001 xx 000 0 und d
020 _a978-81-85015-55-2
040 _cAL
041 _aeng
082 _a511.5 HARG
_223
100 _aHARARY (Frank)
_9110021
245 _aGraph theory
260 _aNew Delhi
_bNarosa Publishing House
_c2001
300 _axi,286
_bPB
365 _b185
_cINR
650 _aGraphs Theory
_9110022
650 _aMathematics
_9110023
906 _aGraph ; theory
942 _2ddc
_cBK
999 _c165222
_d165222